000 00999nam a22003017a 4500
001 8291
003 FISKH
005 20250908145109.0
008 250908b cb ||||| |||| 00| 0 eng d
020 _a9780192762726
040 _aFISKH
_beng
_cFISKH
_dFISKH
050 _aPS595.N54 D75
082 _a811.008
100 _aFoster, John
_d(1941–)
245 _aDrift upon a dream /
_cPoems for sleepy babies ; Chosen by John Foster ; Illustrated by Melanie Williamson
250 _aThis edition first published in 2002
260 _aNew York :
_bOxford,
_c2002
300 _a26 unnumbered pages :
_bcolor illustrations ;
_c25 cm
505 _aR
520 _aAmerican and English poems for young children about the end of the day, bedtime, and sleep.
521 8 _a740
_bLexile
521 8 _aR
_bRaz-Plus
650 _2Poetry
_aPreschool
650 _2Children's books
_aNighttime stories
700 _aWilliamson, Melanie
_dillustrator
942 _2ddc
_cBK
_n0
999 _c8291
_d8291